000 01196nam a2200301Ia 4500
001 ebr10229717
003 CaPaEBR
006 m u
007 cr cn|||||||||
008 060526s2008 enka s 000 0 eng d
020 _z9781848550728
040 _aCaPaEBR
_cCaPaEBR
035 _a(OCoLC)646747668
050 1 4 _aHD30.28
_bH366292 2008eb
245 0 0 _aBusiness strategy series.
_nVolume 9, Number 2,
_pFocus on perfromance
_h[electronic resource].
246 3 _aBusiness strategy series 2008.
_pFocus on perfromance
260 _a[Bradford, England] :
_bEmerald,
_c2008.
300 _ap. 47-90 :
_bill.
490 1 _aBusiness strategy series ;
_vv. 9, no. 2
533 _aElectronic reproduction.
_bPalo Alto, Calif. :
_cebrary,
_d2009.
_nAvailable via World Wide Web.
_nAccess may be limited to ebrary affiliated libraries.
650 0 _aBusiness planning.
650 0 _aManagement.
650 0 _aStrategic planning.
655 7 _aElectronic books.
_2local
710 2 _aebrary, Inc.
830 0 _aBusiness strategy series ;
_vv. 9, no. 2.
856 4 0 _uhttp://site.ebrary.com/lib/rucke/Doc?id=10229717
_zAn electronic book accessible through the World Wide Web; click to view
999 _c39035
_d39035